| 000 | 00501nam a2200181Ia 4500 | ||
|---|---|---|---|
| 008 | 240925s9999 xx 000 0 und d | ||
| 020 | _a2163497 | ||
| 082 | _a796.44 SWA | ||
| 100 | _aNot - Available | ||
| 245 | 0 | _aBarclays World of Cricket: the game from A to Z | |
| 250 | _aNA | ||
| 260 |
_aLondon: _bCollins Publishers _c,1980. |
||
| 300 |
_a188p. _bN.A _fPirated |
||
| 500 | _aIncludes illustrations | ||
| 600 | _aHumanities & Natural Science | ||
| 650 | _aArts and Recreation | ||
| 942 | _cBK | ||
| 999 |
_c12022 _d12022 |
||